[Event "CAT-chT 2020"]
[Site "Catalonia"]
[Date "2020.02.22"]
[Round "6.8"]
[White "Moll, Arne"]
[Black "Sorroche Martin, Jose Maria"]
[Result "1-0"]
[WhiteElo "2205"]
[BlackElo "2169"]
[Annotator "ChessBase"]
[PlyCount "67"]
[EventDate "2020.01.18"]
[EventType "team-tourn"]
[EventCountry "ESP"]
[SourceTitle "playchess.com"]
[Source "ChessBase"]
[SourceQuality "1"]
[TimeControl "5400+30"]

1. e4 {[%emt 0:00:00]} e6 {[%emt 0:00:00]} 2. d4 {[%emt 0:00:24]} d5 {[%emt 0:00:00]} 3. Nc3 h6 {[%emt 0:00:28]} 4. Bd3 a6 {[%emt 0:00:30]} 5. Nf3 Bb4 {[%emt 0:00:30]} 6. O-O Nc6 {[%emt 0:00:30]} 7. Qe2 Nge7 {[%emt 0:00:30]} 8. Bd2 O-O {[%emt 0:00:30]} 9. Rad1 b5 {[%emt 0:00:30]} 10. a4 Bxc3 {[%emt 0:00:30]} 11. Bxc3 b4 {[%emt 0:00:30]} 12. Bd2 a5 {[%emt 0:00:30]} 13. Rfe1 dxe4 {[%emt 0:00:30]} 14. Qxe4 f5 {[%emt 0:00:30]} 15. Qh4 Nd5 {[%emt 0:00:30]} 16. Qg3 {[%emt 1:06:22]} Qd6 {[%emt 1:02:34]} 17. Ne5 {[%emt 0:01:35]} Rf6 {[%emt 0:02:36]} 18. c4 bxc3 {[%emt 0:01:30]} 19. bxc3 {[%emt 0:05:07]} Ba6 {[%emt 0:01:48]} 20. Bxa6 {[%emt 0:07:16]} Rxa6 {[%emt 0:00:15]} 21. Qd3 Ra8 {[%emt 0:08:46]} 22. Qb5 {[%emt 0:03:36]} Nd8 23. c4 c6 {[%emt 0:02:24]} 24. Qc5 {[%emt 0:08:48]} Qxc5 {[%emt 0:00:14]} 25. dxc5 {[%emt 0:00:03]} Nb4 {[%emt 0:00:05]} 26. Nd7 {[%emt 0:00:52]} Nb7 {[%emt 0:04:37]} 27. Nxf6+ {[%emt 0:00:25]} gxf6 {[%emt 0:00:02]} 28. Bxb4 {[%emt 0:02:52]} axb4 29. Rxe6 {[%emt 0:01:35]} Nxc5 {[%emt 0:01:02]} 30. Rxc6 Ne4 31. Rb6 {[%emt 0:01:51]} Rxa4 {[%emt 0:00:33]} 32. f3 {[%emt 0:01:58]} Nc5 {[%emt 0:01:09]} 33. Rd5 {[%emt 0:01:25]} Na6 {[%emt 0:03:51]} 34. Rb7 {[%emt 0:00:17]} 1-0

[Event "CAT-chT 2020"]
[Site "Catalonia"]
[Date "2020.02.22"]
[Round "6.9"]
[White "Sierra Montoya, Miquel"]
[Black "Comellas Blanchart, Jordi"]
[Result "1-0"]
[WhiteElo "2131"]
[BlackElo "2149"]
[Annotator "ChessBase"]
[PlyCount "93"]
[EventDate "2020.01.18"]
[EventType "team-tourn"]
[EventCountry "ESP"]
[SourceTitle "playchess.com"]
[Source "ChessBase"]
[SourceQuality "1"]
[TimeControl "5400+30"]

1. e4 {[%emt 0:00:00]} c5 {[%emt 0:00:00]} 2. Nf3 {[%emt 0:00:00]} d6 {[%emt 0:00:00]} 3. d4 {[%emt 0:00:00]} cxd4 {[%emt 0:00:00]} 4. Nxd4 {[%emt 0:00:00]} Nf6 {[%emt 0:00:00]} 5. Nc3 {[%emt 0:00:00]} a6 {[%emt 0:00:06]} 6. a3 {[%emt 0:01:32]} e5 {[%emt 0:02:44]} 7. Nf5 {[%emt 0:00:05]} d5 {[%emt 0:02:50]} 8. Bg5 {[%emt 0:00:31]} d4 {[%emt 0:13:59]} 9. Bxf6 {[%emt 0:00:21]} gxf6 {[%emt 0:12:59]} 10. Nb1 {[%emt 0:00:00]} Bxf5 {[%emt 0:14:15]} 11. exf5 Qa5+ {[%emt 0:05:38]} 12. Nd2 Bh6 {[%emt 0:00:30]} 13. b4 Bxd2+ {[%emt 0:00:30]} 14. Qxd2 Qd5 {[%emt 0:00:30]} 15. Bd3 Qxg2 {[%emt 0:00:30]} 16. O-O-O Qg5 {[%emt 0:00:30]} 17. f4 Qxf4 {[%emt 0:00:30]} 18. Qxf4 exf4 {[%emt 0:00:30]} 19. Rhe1+ Kf8 {[%emt 0:00:30]} 20. Be4 Nc6 {[%emt 0:00:30]} 21. Bxc6 bxc6 {[%emt 0:00:30]} 22. Rxd4 Re8 {[%emt 0:00:30]} 23. Rf1 Rg8 {[%emt 0:00:30]} 24. Rfxf4 Rg1+ {[%emt 0:00:30]} 25. Kb2 Ree1 {[%emt 0:00:30]} 26. Rd8+ Re8 {[%emt 0:00:30]} 27. Rd6 Re5 {[%emt 0:00:30]} 28. Rxc6 a5 {[%emt 0:00:30]} 29. Rxf6 Rg2 {[%emt 0:00:30]} 30. h4 Rge2 {[%emt 0:00:30]} 31. Rb6 a4 {[%emt 0:00:30]} 32. f6 R5e3 {[%emt 0:00:30]} 33. Rb8+ Re8 {[%emt 0:00:30]} 34. Rxe8+ Kxe8 {[%emt 0:00:30]} 35. b5 Re5 {[%emt 0:00:30]} 36. Rb4 Kd7 {[%emt 0:00:30]} 37. c4 Re2+ {[%emt 0:00:30]} 38. Kc1 Rf2 {[%emt 0:00:30]} 39. c5 Rxf6 {[%emt 0:00:30]} 40. Rxa4 Rf5 {[%emt 0:00:30]} 41. Rc4 Rf2 {[%emt 0:00:30]} 42. a4 f5 43. c6+ Kc8 44. b6 f4 45. Re4 Kd8 46. c7+ Kd7 47. Rd4+ 1-0

[Event "CAT-chT 2020"]
[Site "Catalonia"]
[Date "2020.02.22"]
[Round "6.9"]
[White "Guasch Figuerola, Agusti"]
[Black "Ramirez Carrizo, Victor Jose"]
[Result "0-1"]
[WhiteElo "2004"]
[BlackElo "2190"]
[Annotator "ChessBase"]
[PlyCount "49"]
[EventDate "2020.01.18"]
[EventType "team-tourn"]
[EventCountry "ESP"]
[SourceTitle "playchess.com"]
[Source "ChessBase"]
[SourceQuality "1"]
[TimeControl "5400+30"]

1. c4 e5 2. g3 c6 3. Nf3 e4 4. Nd4 d5 5. cxd5 Qxd5 6. Nc2 Nf6 7. Nc3 Qe6 8. Bg2 Bc5 9. b4 Bb6 10. Bb2 O-O 11. Na4 Nbd7 12. O-O Ne5 13. Ne3 Re8 14. Nxb6 axb6 15. a3 Neg4 16. Bd4 Nd5 17. Nxd5 cxd5 18. Qb3 Ne5 19. d3 f5 20. Rfc1 Bd7 21. dxe4 fxe4 22. Bxe5 Qxe5 23. b5 Rac8 24. e3 Rc5 25. Rxc5 0-1

[Event "CAT-chT 2020"]
[Site "Catalonia"]
[Date "2020.02.22"]
[Round "6.10"]
[White "Dickl, Errol"]
[Black "Romero Calderon, Juan"]
[Result "1/2-1/2"]
[WhiteElo "2159"]
[BlackElo "2099"]
[Annotator "ChessBase"]
[PlyCount "78"]
[EventDate "2020.01.18"]
[EventType "team-tourn"]
[EventCountry "ESP"]
[SourceTitle "playchess.com"]
[Source "ChessBase"]
[SourceQuality "1"]
[TimeControl "5400+30"]

1. e4 {[%emt 0:00:00]} e6 {[%emt 0:00:00]} 2. d3 {[%emt 0:00:00]} b6 3. f4 {[%emt 0:03:14]} Bb7 {[%emt 0:00:59]} 4. Nf3 {[%emt 0:00:08]} Nf6 {[%emt 0:01:17]} 5. c3 c5 {[%emt 0:05:56]} 6. Nbd2 {[%emt 0:03:41]} Be7 {[%emt 0:21:32]} 7. g3 d5 8. e5 {[%emt 0:06:46]} Ng4 {[%emt 0:02:20]} 9. Qe2 {[%emt 0:01:17]} h5 {[%emt 0:06:17]} 10. h4 {[%emt 0:03:12]} Nc6 11. Bh3 b5 {[%emt 0:06:44]} 12. O-O {[%emt 0:04:21]} b4 {[%emt 0:02:22]} 13. Nb3 {[%emt 0:14:31]} c4 {[%emt 0:21:47]} 14. Nbd4 {[%emt 0:02:05]} Qb6 15. Rd1 {[%emt 0:01:43]} cxd3 {[%emt 0:06:42]} 16. Qxd3 {[%emt 0:00:12]} Ba6 {[%emt 0:04:01]} 17. Qd2 Na5 18. Qe1 {[%emt 0:02:34]} bxc3 {[%emt 0:03:37]} 19. bxc3 Rc8 20. Bxg4 {[%emt 0:02:53]} hxg4 {[%emt 0:02:01]} 21. Nh2 {[%emt 0:00:18]} Qc5 {[%emt 0:01:05]} 22. Bd2 {[%emt 0:02:30]} Nc4 {[%emt 0:05:07]} 23. Rdc1 Rb8 24. Rab1 {[%emt 0:03:45]} O-O {[%emt 0:00:49]} 25. Nxg4 {[%emt 0:00:17]} Rxb1 {[%emt 0:00:21]} 26. Rxb1 Qa3 27. Be3 {[%emt 0:06:36]} Rc8 {[%emt 0:02:23]} 28. Bf2 {[%emt 0:03:21]} Nb6 {[%emt 0:02:20]} 29. f5 exf5 {[%emt 0:02:35]} 30. Nxf5 {[%emt 0:00:58]} Bd3 {[%emt 0:00:50]} 31. Nxe7+ {[%emt 0:00:28]} Qxe7 32. Rb4 {[%emt 0:01:58]} Nc4 {[%emt 0:00:56]} 33. Bd4 {[%emt 0:00:47]} a5 34. Rb3 Bc2 {[%emt 0:01:38]} 35. Rb5 {[%emt 0:01:19]} Qd7 {[%emt 0:01:08]} 36. e6 {[%emt 0:00:09]} Qxb5 {[%emt 0:00:36]} 37. exf7+ Kf8 {[%emt 0:01:32]} 38. Bxg7+ {[%emt 0:00:55]} Kxg7 {[%emt 0:00:16]} 39. Qe4 Qc5+ {Qe2 Qb5 Qe1 Kf8} 1/2-1/2

[Event "CAT-chT 2020"]
[Site "Catalonia"]
[Date "2020.02.22"]
[Round "6.10"]
[White "Marmol i Soley, Enric"]
[Black "Boldu Soto, Roger"]
[Result "0-1"]
[WhiteElo "2046"]
[BlackElo "2060"]
[Annotator "TA"]
[PlyCount "116"]
[EventDate "2020.01.18"]
[EventType "team-tourn"]
[EventCountry "ESP"]
[SourceTitle "playchess.com"]
[Source "ChessBase"]
[SourceQuality "1"]

{[%evp 9,116,-8,-12,-12,-2,-8,-2,-24,22,21,28,24,25,25,27,20,35,7,0,0,27,0,51,51,54,54,70,69,82,54,67,59,57,57,68,70,69,59,77,76,79,76,84,84,99,61,90,90,95,91,87,76,111,68,110,13,10,11,9,0,0,-6,-9,-46,-46,-64,-56,-61,-61,-63,-50,-64,-64,-64,-21,-21,-22,-25,-25,-41,-34,-345,-335,-467,-463,-604,-580,-961,-905,-674,-491,-471,-460,-556,-551,-29945,-8469,-29972,-12844,-5152,-5122,-5102,-5097,-29983,-29977,-29983,-29984,-29984,-29985]} 1. e4 e6 2. c4 d5 3. cxd5 exd5 4. exd5 Nf6 5. Bb5+ Nbd7 6. Nc3 {C00: French: Unusual White 2nd moves.} Bd6 7. Qe2+ Qe7 {[#]} 8. d4 $146 {The position is equal.} ({Predecessor:} 8. Qxe7+ Bxe7 9. Nf3 O-O 10. O-O Nb6 11. Re1 Bd6 12. d4 a6 13. Bd3 Nbxd5 14. Bg5 {0-1 (30) Romero Funieles,R (1656)-Alvarez Justo,E (1741) Barcelona 2019}) 8... Qxe2+ 9. Ngxe2 a6 10. Bxd7+ Bxd7 11. Bg5 Nh5 12. Ne4 Bb4+ 13. N2c3 h6 14. Be3 f5 15. Nc5 Nf6 (15... O-O-O $11) 16. Nxb7 $14 Nxd5 {Threatens to win with ...Bc6.} 17. Bd2 Nxc3 18. Bxc3 Be7 19. d5 Kf7 20. O-O-O Rab8 21. Na5 Bd6 22. Rhe1 Rhe8 23. g3 Rxe1 24. Rxe1 g5 25. Nc4 Rb5 26. Rd1 Rb8 27. a3 {[%cal Ba2a3,Ba3a4][%mdl 32]} Ba4 28. Rd4 Bb5 {[#]} 29. a4 $1 {[%mdl 512]} Bd7 (29... Bxa4 30. Nxd6+) 30. f4 gxf4 31. gxf4 Re8 32. Ne5+ (32. b3 $16) 32... Bxe5 $11 33. fxe5 Rxe5 {[%mdl 4096] Endgame KRB-KRB} 34. d6 c5 35. Rd3 Re2 36. h3 Ke6 37. b3 f4 38. Bd2 Re4 39. Rf3 Kf5 40. Kc2 c4 41. a5 $1 Ke5 42. b4 Bc6 43. Rf2 h5 44. Kc3 Rd4 {Hoping for ...f3.} 45. Re2+ $2 {[%mdl 8192] Now White is beyond hope.} ({Better is} 45. Kc2 $15 Kf5 46. Be3 Ba4+ 47. Kb2) 45... Kd5 $19 46. Rf2 Rd3+ {[%mdl 64] Double Attack} 47. Kc2 f3 48. Bf4 Ba4+ 49. Kb2 Rb3+ 50. Ka2 Ke4 51. Bg3 Rd3 52. Kb2 c3+ 53. Ka3 c2+ (53... Bd1 $142 54. Ka2 c2 55. Rxc2 Bxc2 56. b5 Bb3+ 57. Kb2 axb5 58. Ka3 Be6+ 59. Kb4 {[#]} Rxd6 $1 {[%mdl 512]} 60. Kc5 Rd2 61. a6 f2 62. a7 f1=Q 63. a8=Q+ Rd5+ 64. Kb6 Qg1+ {[%mdl 64] Double Attack} 65. Ka6 Qxg3 66. Qc6 Bxh3 67. Kb7 h4 68. Qc2+ Rd3 69. Qc6+ Kd4 70. Qf6+ Kc4 71. Qf7+ Kb4 72. Qf8+ Qd6 73. Qxd6+ Rxd6 74. Kc7 Kc5 75. Kb7 Rd7+ 76. Kb8 Kb6 77. Kc8 Rd1+ 78. Kb8 Rd8#) 54. Kb2 Rd1 55. Rxc2 Bxc2 56. b5 Ba4 {Black mates.} 57. b6 Bc6 58. Kc3 {[#]} Rxd6 $1 {[%mdl 576] Promotion. Accuracy: White = 58%, Black = 82%.} 0-1